Initialed People JA to JZ Quiz Stats

Quiz Updated Nov 1, 2016

Also try: JC Superstars
Challenge
Share
Tweet
Embed
Score 0/25 Timer 07:00
0 Plays Today
Initials Name % Correct
JCJim Carrey
95.9%
JJJanet Jackson
92.6%
JAJulie Andrews
87.7%
JLJennifer Lopez
87.5%
JGJennifer Garner
85%
JBJoe Biden
84.5%
JRJ. K. Rowling
84.4%
JTJohn Travolta
77.6%
JKJimmy Kimmel
66.2%
JSJ.D. Salinger
65.9%
JNJack Nicklaus
62.6%
JDJohn Dillinger
60.4%
JVJesse Ventura
60.3%
Initials Name % Correct
JIJulio Iglesias
54.4%
JUJohnny Unitas
53.1%
JEJenna Elfman
51.7%
JHJohn Hughes
48.2%
JWJohn Wooden
37.8%
JPJackson Pollock
35.3%
JFJamie Farr
33.3%
JOJerry Orbach
29.6%
JMJohn Major
29.5%
JYJerry Yang
8.1%
JZJerry Zucker
5.2%
JQJohn Quade
1.7%

You're not logged in!

Compare scores with friends on all Sporcle quizzes.
Sign Up with Email
OR
Log In

You Might Also Like...

Show Comments

Extras

Top Quizzes Today


Score Distribution

Your Account Isn't Verified!

In order to create a playlist on Sporcle, you need to verify the email address you used during registration. Go to your Sporcle Settings to finish the process.